[Event "44th Chess Olympiad Women 2022"]
[Site "Chennai"]
[Date "2022.08.06"]
[Round "8.13"]
[White "Cramling, Pia"]
[Black "Efroimski, Marsel"]
[Result "1-0"]
[WhiteElo "2459"]
[BlackElo "2456"]
[Annotator "TA"]
[PlyCount "176"]
[EventDate "2022.07.29"]
[EventType "team-tourn"]
[EventCountry "IND"]
[SourceTitle "playchess.com"]
[Source "ChessBase"]
[SourceQuality "1"]
[WhiteTeam "Sweden"]
[BlackTeam "Israel"]
[WhiteTeamCountry "SWE"]
[BlackTeamCountry "ISR"]

1. d4 d5 2. c4 e6 3. Nc3 c5 4. cxd5 cxd4 5. Qa4+ Bd7 6. Qxd4 exd5 7. Nf3 Be6 8. e4 Nc6 9. Bb5 dxe4 10. Qxe4 Nf6 11. Bxc6+ bxc6 12. Qxc6+ Bd7 13. Qa6 Be7 14. O-O O-O 15. Re1 Re8 16. Be3 Bc8 17. Qa4 Bd7 18. Qf4 Qb8 19. Qxb8 Raxb8 20. Bd4 Be6 21. Ng5 Bf5 22. Re5 Bd7 23. Rae1 Bd8 24. R1e2 a5 25. Rxe8+ Nxe8 26. Nf3 f6 27. Be3 Kf7 28. Rd2 Rb7 29. h3 Be7 30. Nd5 Bf8 31. Nb6 Be6 32. b3 Nd6 33. Na4 Ne4 34. Rd4 Nc5 35. Nxc5 Bxc5 36. Rh4 Bd6 37. Nd4 Bd5 38. Nf5 Bf8 39. Rd4 Ke6 40. Rd1 g6 41. Nd4+ Kf7 42. Ne2 Bc6 43. Rc1 Bd7 44. Bc5 Bh6 45. Rc3 Bf5 46. Be3 Bf8 47. Nd4 Bb1 48. a4 Be4 49. Nb5 Bb4 50. Rc4 Bd5 51. Rd4 Ke6 52. Rd3 Rd7 53. Bd2 Bxd2 54. Rxd2 Rb7 55. Rd3 f5 56. f3 g5 57. Kf2 f4 58. Ke1 h5 59. Kf2 Ke5 60. Rc3 Kf6 61. Rc5 Bxb3 62. Nd6 Rb4 63. Ne4+ Ke7 64. Re5+ Kf7 65. Rxa5 g4 66. Rxh5 g3+ 67. Ke1 Rxa4 68. Rf5+ Ke6 69. Rxf4 Ra1+ 70. Kd2 Ra2+ 71. Ke3 Bd5 72. Nd2 Ra3+ 73. Ke2 Ra1 74. Rg4 Bb7 75. Rxg3 Kf5 76. Ne4 Ra2+ 77. Ke3 Ra3+ 78. Kf2 Ra2+ 79. Kg1 Bxe4 80. fxe4+ Kxe4 81. Rf3 Rb2 82. Kh2 Ra2 83. h4 Ra5 84. Kh3 Ra1 85. Kg4 Ra2 86. g3 Ra8 87. Rf4+ Ke5 88. h5 Kd5 1-0

[Event "44th Chess Olympiad Women 2022"]
[Site "Chennai"]
[Date "2022.08.06"]
[Round "8.14"]
[White "Alinasab, Mobina"]
[Black "Houska, Jovanka"]
[Result "0-1"]
[WhiteElo "2364"]
[BlackElo "2360"]
[Annotator "TA"]
[PlyCount "80"]
[EventDate "2022.07.29"]
[EventType "team-tourn"]
[EventCountry "IND"]
[SourceTitle "playchess.com"]
[Source "ChessBase"]
[SourceQuality "1"]
[WhiteTeam "Iran"]
[BlackTeam "England"]
[WhiteTeamCountry "IRI"]
[BlackTeamCountry "ENG"]

1. e4 c6 2. d4 d5 3. f3 e6 4. Nc3 Bb4 5. Bd2 b6 6. a3 Be7 7. e5 c5 8. Nce2 Nc6 9. c3 a5 10. f4 Ba6 11. Nf3 Nh6 12. Be3 O-O 13. g3 a4 14. Bh3 Na5 15. Qc2 Qd7 16. g4 Nc4 17. Bc1 f6 18. exf6 gxf6 19. f5 Nf7 20. Nf4 e5 21. Ne6 e4 22. Nh4 cxd4 23. cxd4 Rfc8 24. Qg2 Ng5 25. O-O Na5 26. Be3 Bxf1 27. Rxf1 Nc4 28. Bf4 Rc6 29. Qg3 Rac8 30. Ng2 Bd6 31. Bxd6 Qxd6 32. Ngf4 Nd2 33. Rf2 Ndf3+ 34. Kh1 Rc1+ 35. Bf1 R8c2 36. Rxc2 Rxc2 37. Be2 Nxe6 38. fxe6 Nxd4 39. g5 Nxe2 40. Nxe2 Qxg3 0-1

[Event "44th Chess Olympiad Women 2022"]
[Site "Chennai"]
[Date "2022.08.06"]
[Round "8.15"]
[White "Padmini, Rout"]
[Black "Radikovic, Anamarija"]
[Result "1-0"]
[WhiteElo "2374"]
[BlackElo "2099"]
[Annotator "TA"]
[PlyCount "55"]
[EventDate "2022.07.29"]
[EventType "team-tourn"]
[EventCountry "IND"]
[SourceTitle "playchess.com"]
[Source "ChessBase"]
[SourceQuality "1"]
[WhiteTeam "India"]
[BlackTeam "Croatia"]
[WhiteTeamCountry "IND"]
[BlackTeamCountry "CRO"]

1. e4 c5 2. Nf3 d6 3. d4 cxd4 4. Nxd4 Nf6 5. Nc3 a6 6. Be2 e5 7. Nb3 Be7 8. Be3 Be6 9. Nd5 Nxd5 10. exd5 Bf5 11. Qd2 Nd7 12. O-O O-O 13. Na5 Qc7 14. c4 Bg6 15. b4 f5 16. f4 b6 17. Nc6 Bf6 18. Rac1 Rfe8 19. Bd3 e4 20. Be2 a5 21. a3 axb4 22. axb4 Ra3 23. Nd4 Bxd4 24. Bxd4 Rea8 25. Bb2 Rb3 26. Ra1 Rc8 27. Bd4 Qb7 28. Qa2 1-0

[Event "44th Chess Olympiad Women 2022"]
[Site "Chennai"]
[Date "2022.08.06"]
[Round "8.15"]
[White "Medic, Mirjana"]
[Black "Vantika Agrawal"]
[Result "0-1"]
[WhiteElo "2194"]
[BlackElo "2371"]
[Annotator "TA"]
[PlyCount "74"]
[EventDate "2022.07.29"]
[EventType "team-tourn"]
[EventCountry "IND"]
[SourceTitle "playchess.com"]
[Source "ChessBase"]
[SourceQuality "1"]
[WhiteTeam "Croatia"]
[BlackTeam "India"]
[WhiteTeamCountry "CRO"]
[BlackTeamCountry "IND"]

1. d4 Nf6 2. c4 g6 3. Nf3 Bg7 4. g3 O-O 5. Bg2 d6 6. O-O Nc6 7. Nc3 a6 8. h3 Rb8 9. e4 b5 10. cxb5 axb5 11. Re1 e6 12. Be3 b4 13. Na4 Bb7 14. Qc2 Ne7 15. Nd2 Qd7 16. b3 Rfc8 17. Rac1 Qd8 18. Qb1 Nd7 19. f4 f5 20. e5 Bxg2 21. Kxg2 Nd5 22. Bf2 dxe5 23. dxe5 g5 24. fxg5 Nxe5 25. Re2 Qxg5 26. Kh2 Nc3 27. Nxc3 bxc3 28. Nf1 Rd8 29. Kg2 Nd3 30. Rcc2 Nf4+ 31. Kh2 Nxe2 32. Rxe2 Qh5 33. Qc2 Qf3 34. Ne3 Rd7 35. Nc4 Rbd8 36. Bg1 Rd2 37. Rxd2 cxd2 0-1

[Event "44th Chess Olympiad Women 2022"]
[Site "Chennai"]
[Date "2022.08.06"]
[Round "8.16"]
[White "Guichard, Pauline"]
[Black "Librelato, Kathie Goulart"]
[Result "1/2-1/2"]
[WhiteElo "2379"]
[BlackElo "2255"]
[Annotator "TA"]
[PlyCount "120"]
[EventDate "2022.07.29"]
[EventType "team-tourn"]
[EventCountry "IND"]
[SourceTitle "playchess.com"]
[Source "ChessBase"]
[SourceQuality "1"]
[WhiteTeam "France"]
[BlackTeam "Brazil"]
[WhiteTeamCountry "FRA"]
[BlackTeamCountry "BRA"]

1. d4 d5 2. c4 e6 3. Nc3 c6 4. e3 Nf6 5. Nf3 Nbd7 6. Be2 Bd6 7. O-O O-O 8. b3 b6 9. Bb2 Bb7 10. Bd3 Qe7 11. Re1 c5 12. cxd5 exd5 13. g3 Rac8 14. Bf1 Rfd8 15. a4 Ne4 16. dxc5 Ndxc5 17. Nb5 Bb8 18. Nbd4 g6 19. Bh3 f5 20. Nxf5 gxf5 21. Bxf5 Rc6 22. Nd4 Rh6 23. b4 Nxf2 24. Qf3 Ncd3 25. Bxd3 Nxd3 26. Nf5 Qg5 27. Nxh6+ Qxh6 28. Qg4+ Qg6 29. Qh4 Re8 30. Rf1 Nxb2 31. Rf6 Qe4 32. Qg5+ Kh8 33. Raf1 Qxe3+ 34. Qxe3 Rxe3 35. Rf8+ Kg7 36. R1f7+ Kg6 37. Rxb7 Be5 38. g4 Nd3 39. Rg8+ Kf6 40. Rf8+ Kg6 41. Rg8+ Kf6 42. Rxh7 Re1+ 43. Kg2 Re2+ 44. Kf3 Rxh2 45. Rf8+ Kg6 46. Rxh2 Bxh2 47. b5 Bg1 48. Rg8+ Kf7 49. Ra8 Nb2 50. Rxa7+ Kg6 51. Rd7 Nxa4 52. Rxd5 Nc3 53. Rf5 Bc5 54. Rxc5 bxc5 55. b6 Nb5 56. b7 Nd4+ 57. Ke4 Nc6 58. Kd5 Nb8 59. Kxc5 Kg5 60. Kb6 Kxg4 1/2-1/2

[Event "44th Chess Olympiad Women 2022"]
[Site "Chennai"]
[Date "2022.08.06"]
[Round "8.16"]
[White "Savina, Anastasia"]
[Black "Bail, Ellen Larissa"]
[Result "1-0"]
[WhiteElo "2377"]
[BlackElo "1892"]
[Annotator "TA"]
[PlyCount "61"]
[EventDate "2022.07.29"]
[EventType "team-tourn"]
[EventCountry "IND"]
[SourceTitle "playchess.com"]
[Source "ChessBase"]
[SourceQuality "1"]
[WhiteTeam "France"]
[BlackTeam "Brazil"]
[WhiteTeamCountry "FRA"]
[BlackTeamCountry "BRA"]

1. d4 d5 2. c4 e6 3. Nc3 Nf6 4. cxd5 exd5 5. Bg5 c6 6. e3 Be7 7. Bd3 Nbd7 8. Qc2 Nh5 9. Bxe7 Qxe7 10. O-O-O g6 11. h3 Nb6 12. Kb1 Bd7 13. Nf3 O-O-O 14. Na4 Ng7 15. Rc1 Bf5 16. Rhd1 Nc4 17. Nc5 h5 18. Qa4 Kb8 19. Ne5 Nxe5 20. dxe5 Bxd3+ 21. Rxd3 Ne6 22. Nxb7 Qxb7 23. Rb3 Rc8 24. Rxc6 Nc5 25. Rxb7+ Nxb7 26. Rxc8+ Rxc8 27. Qd7 Nc5 28. Qxf7 Nd3 29. a4 Nxe5 30. Qxd5 Nc6 31. Qd6+ 1-0

[Event "44th Chess Olympiad Women 2022"]
[Site "Chennai"]
[Date "2022.08.06"]
[Round "8.16"]
[White "Alboredo, Julia"]
[Black "Sebag, Marie"]
[Result "1/2-1/2"]
[WhiteElo "2264"]
[BlackElo "2447"]
[Annotator "TA"]
[PlyCount "84"]
[EventDate "2022.07.29"]
[EventType "team-tourn"]
[EventCountry "IND"]
[SourceTitle "playchess.com"]
[Source "ChessBase"]
[SourceQuality "1"]
[WhiteTeam "Brazil"]
[BlackTeam "France"]
[WhiteTeamCountry "BRA"]
[BlackTeamCountry "FRA"]

1. e4 c5 2. Nf3 d6 3. d4 cxd4 4. Nxd4 Nf6 5. Nc3 a6 6. Be2 e5 7. Nb3 Be7 8. O-O O-O 9. Qd3 Be6 10. Bd2 Nbd7 11. Nd5 Bxd5 12. exd5 Nc5 13. Nxc5 dxc5 14. c4 Qc7 15. Bc3 Bd6 16. Qh3 Nd7 17. Bd3 g6 18. Qh6 Rfe8 19. Rae1 Bf8 20. Qd2 f5 21. f3 Bd6 22. g3 b5 23. b3 b4 24. Ba1 a5 25. Re2 a4 26. Rfe1 Rf8 27. Kg2 a3 28. Qh6 Rf7 29. h4 e4 30. Bxe4 Bf8 31. Qd2 fxe4 32. Rxe4 Bg7 33. d6 Qc6 34. Bxg7 Kxg7 35. h5 Raf8 36. hxg6 hxg6 37. Rh1 Rh8 38. Rxh8 Kxh8 39. Qh6+ Kg8 40. Re8+ Nf8 41. Rxf8+ Rxf8 42. Qxg6+ Kh8 1/2-1/2

[Event "44th Chess Olympiad Women 2022"]
[Site "Chennai"]
[Date "2022.08.06"]
[Round "8.16"]
[White "Terao, Juliana Sayumi"]
[Black "Milliet, Sophie"]
[Result "1/2-1/2"]
[WhiteElo "2223"]
[BlackElo "2396"]
[Annotator "TA"]
[PlyCount "64"]
[EventDate "2022.07.29"]
[EventType "team-tourn"]
[EventCountry "IND"]
[SourceTitle "playchess.com"]
[Source "ChessBase"]
[SourceQuality "1"]
[WhiteTeam "Brazil"]
[BlackTeam "France"]
[WhiteTeamCountry "BRA"]
[BlackTeamCountry "FRA"]

1. e4 c5 2. c3 Nf6 3. e5 Nd5 4. Nf3 d6 5. d4 cxd4 6. Qxd4 e6 7. Bc4 Nc6 8. Qe4 dxe5 9. Nxe5 Nf6 10. Nxc6 Nxe4 11. Nxd8 Kxd8 12. O-O Bd6 13. Re1 Nc5 14. Nd2 Ke7 15. Nf3 Rd8 16. Be3 Bd7 17. Rad1 Rac8 18. Bf1 a6 19. Nd4 e5 20. Nb3 Nxb3 21. axb3 Be6 22. b4 f6 23. g3 Bb3 24. Ra1 Bd5 25. Bh3 Rc6 26. Rad1 Bf3 27. Bg2 Bxg2 28. Kxg2 Ke6 29. f4 Bc7 30. Rxd8 Bxd8 31. fxe5 fxe5 32. Kf3 Bf6 1/2-1/2

[Event "44th Chess Olympiad Women 2022"]
[Site "Chennai"]
[Date "2022.08.06"]
[Round "8.20"]
[White "Narva, Mai"]
[Black "Rogule, Laura"]
[Result "1-0"]
[WhiteElo "2385"]
[BlackElo "2292"]
[Annotator "TA"]
[PlyCount "57"]
[EventDate "2022.07.29"]
[EventType "team-tourn"]
[EventCountry "IND"]
[SourceTitle "playchess.com"]
[Source "ChessBase"]
[SourceQuality "1"]
[WhiteTeam "Estonia"]
[BlackTeam "Latvia"]
[WhiteTeamCountry "EST"]
[BlackTeamCountry "LAT"]

1. e4 c5 2. Nf3 e6 3. d4 cxd4 4. Nxd4 a6 5. c4 Nf6 6. Nc3 Bb4 7. Nc2 Bxc3+ 8. bxc3 O-O 9. e5 Ne8 10. Ba3 Qg5 11. Qe2 d6 12. exd6 Bd7 13. Rb1 b5 14. Qe3 Qd8 15. Bd3 Nf6 16. O-O bxc4 17. Bxc4 Qc8 18. Bd3 Nd5 19. Qg3 Bb5 20. d7 Nxd7 21. Bxf8 Kxf8 22. Qd6+ Kg8 23. c4 Bxc4 24. Bxc4 Qxc4 25. Qxd7 Qxc2 26. Rfc1 Nf6 27. Qb7 Qe4 28. Rc8+ Ne8 29. Rxe8+ 1-0

[Event "44th Chess Olympiad Women 2022"]
[Site "Chennai"]
[Date "2022.08.06"]
[Round "8.23"]
[White "Atalik, Ekaterina"]
[Black "Sultana, Sharmin Shirin"]
[Result "1-0"]
[WhiteElo "2422"]
[BlackElo "1995"]
[Annotator "TA"]
[PlyCount "83"]
[EventDate "2022.07.29"]
[EventType "team-tourn"]
[EventCountry "IND"]
[SourceTitle "playchess.com"]
[Source "ChessBase"]
[SourceQuality "1"]
[WhiteTeam "Turkey"]
[BlackTeam "Bangladesh"]
[WhiteTeamCountry "TUR"]
[BlackTeamCountry "BAN"]

1. Nf3 d5 2. g3 Nf6 3. Bg2 e6 4. d4 Bd6 5. O-O O-O 6. c4 a6 7. Nc3 Nbd7 8. c5 Be7 9. b4 Nb8 10. Ne5 Nc6 11. Nxc6 bxc6 12. a4 Rb8 13. Rb1 e5 14. dxe5 Ng4 15. Bf4 g5 16. Bc1 Nxe5 17. Qc2 f5 18. f4 Ng4 19. h3 Nf6 20. fxg5 Nh5 21. Kh2 Bxg5 22. Bf3 f4 23. g4 Ng3 24. Rd1 Qe7 25. Kg2 Bd7 26. b5 axb5 27. axb5 Qxc5 28. Qb3 Kh8 29. Ba3 Qa7 30. Bxf8 Rxf8 31. bxc6 Bxc6 32. Nxd5 Be8 33. Qc3+ Kg8 34. Qe5 Bh4 35. Ne7+ Bxe7 36. Qxe7 Bf7 37. Rd8 Rxd8 38. Qxd8+ Kg7 39. Qg5+ Bg6 40. Qe7+ Bf7 41. Qe5+ Kg6 42. Rc1 1-0

[Event "44th Chess Olympiad Women 2022"]
[Site "Chennai"]
[Date "2022.08.07"]
[Round "9.1"]
[White "Harika, Dronavalli"]
[Black "Socko, Monika"]
[Result "1/2-1/2"]
[WhiteElo "2517"]
[BlackElo "2416"]
[Annotator "TA"]
[PlyCount "81"]
[EventDate "2022.07.29"]
[EventType "team-tourn"]
[EventCountry "IND"]
[SourceTitle "playchess.com"]
[Source "ChessBase"]
[SourceQuality "1"]
[WhiteTeam "India"]
[BlackTeam "Poland"]
[WhiteTeamCountry "IND"]
[BlackTeamCountry "POL"]

1. Nf3 Nf6 2. d4 e6 3. c4 b6 4. a3 Ba6 5. Qc2 Be7 6. e4 d5 7. e5 Nfd7 8. cxd5 Bxf1 9. Kxf1 exd5 10. g3 Nf8 11. Nc3 Ne6 12. Kg2 O-O 13. Be3 c6 14. h4 Nd7 15. Ng5 Bxg5 16. hxg5 g6 17. f4 Re8 18. Qe2 Ndf8 19. Qf3 a5 20. Rh6 b5 21. Nd1 b4 22. Nf2 bxa3 23. bxa3 Qb6 24. Rah1 Qb2 25. f5 Nxd4 26. Bxd4 Qxd4 27. Ng4 Qd2+ 28. Qf2 Qxf2+ 29. Kxf2 gxf5 30. Nf6+ Kg7 31. Nh5+ Kg8 32. Nf6+ Kg7 33. Nxe8+ Rxe8 34. Rxc6 Ne6 35. Rd1 d4 36. Ra6 Rb8 37. Rxa5 Rb2+ 38. Kf1 Rb3 39. Kf2 Rb2+ 40. Kf1 Rb3 41. Kf2 1/2-1/2

[Event "44th Chess Olympiad Women 2022"]
[Site "Chennai"]
[Date "2022.08.07"]
[Round "9.1"]
[White "Kashlinskaya, Alina"]
[Black "Koneru, Humpy"]
[Result "1/2-1/2"]
[WhiteElo "2505"]
[BlackElo "2586"]
[Annotator "TA"]
[PlyCount "69"]
[EventDate "2022.07.29"]
[EventType "team-tourn"]
[EventCountry "IND"]
[SourceTitle "playchess.com"]
[Source "ChessBase"]
[SourceQuality "1"]
[WhiteTeam "Poland"]
[BlackTeam "India"]
[WhiteTeamCountry "POL"]
[BlackTeamCountry "IND"]

1. d4 Nf6 2. c4 e6 3. Nf3 d5 4. Nc3 Nbd7 5. Bg5 h6 6. Bh4 Be7 7. e3 O-O 8. Qc2 c5 9. dxc5 Qa5 10. cxd5 Nxd5 11. Bxe7 Nxe7 12. Be2 Qxc5 13. O-O Nf6 14. Rac1 Bd7 15. Ne4 Qxc2 16. Nxf6+ gxf6 17. Rxc2 Rfc8 18. Rd2 Be8 19. Nd4 Rc7 20. Rfd1 Rac8 21. Nb5 Bxb5 22. Bxb5 Rc1 23. Ba4 Nd5 24. Kf1 Nb6 25. Rxc1 Rxc1+ 26. Rd1 Rc7 27. Bb3 Nc4 28. Bxc4 Rxc4 29. Rd7 Rc1+ 30. Ke2 Rc2+ 31. Rd2 Rc7 32. e4 Kf8 33. Ke3 Ke7 34. Kf3 Rc5 35. Ke3 1/2-1/2

[Event "44th Chess Olympiad Women 2022"]
[Site "Chennai"]
[Date "2022.08.07"]
[Round "9.1"]
[White "Tania, Sachdev"]
[Black "Malicka, Maria"]
[Result "1/2-1/2"]
[WhiteElo "2399"]
[BlackElo "2393"]
[Annotator "TA"]
[PlyCount "65"]
[EventDate "2022.07.29"]
[EventType "team-tourn"]
[EventCountry "IND"]
[SourceTitle "playchess.com"]
[Source "ChessBase"]
[SourceQuality "1"]
[WhiteTeam "India"]
[BlackTeam "Poland"]
[WhiteTeamCountry "IND"]
[BlackTeamCountry "POL"]

1. d4 Nf6 2. c4 e6 3. Nf3 d5 4. Nc3 c5 5. cxd5 Nxd5 6. e4 Nxc3 7. bxc3 cxd4 8. cxd4 Bb4+ 9. Bd2 Bxd2+ 10. Qxd2 O-O 11. Bc4 Nd7 12. O-O b6 13. Rac1 Bb7 14. Bd3 Rc8 15. Qe3 Qe7 16. e5 f6 17. Be4 Bxe4 18. Qxe4 fxe5 19. dxe5 Rxc1 20. Rxc1 Nc5 21. Qe2 Rd8 22. Rd1 h6 23. h4 Rxd1+ 24. Qxd1 Qd7 25. Qxd7 Nxd7 26. Kf1 Nc5 27. Ke2 Ne4 28. a3 Nc3+ 29. Kd3 Nd1 30. Ke2 Nc3+ 31. Kd3 Nd1 32. Ke2 Nc3+ 33. Kd3 1/2-1/2

[Event "44th Chess Olympiad Women 2022"]
[Site "Chennai"]
[Date "2022.08.07"]
[Round "9.1"]
[White "Kiolbasa, Oliwia"]
[Black "Vaishali R"]
[Result "1-0"]
[WhiteElo "2376"]
[BlackElo "2442"]
[Annotator "TA"]
[PlyCount "159"]
[EventDate "2022.07.29"]
[EventType "team-tourn"]
[EventCountry "IND"]
[SourceTitle "playchess.com"]
[Source "ChessBase"]
[SourceQuality "1"]
[WhiteTeam "Poland"]
[BlackTeam "India"]
[WhiteTeamCountry "POL"]
[BlackTeamCountry "IND"]

1. e4 e5 2. Nf3 Nc6 3. Bb5 a6 4. Ba4 Bc5 5. c3 Nge7 6. d4 exd4 7. cxd4 Bb4+ 8. Nc3 d5 9. O-O dxe4 10. Nxe4 O-O 11. a3 Bd6 12. h3 Bf5 13. Re1 Bg6 14. Bg5 f6 15. Nxd6 Qxd6 16. Bh4 Bf7 17. Bg3 Qd7 18. Rc1 Rad8 19. b4 Nf5 20. Bf4 Kh8 21. Qd3 b5 22. Bc2 Bg6 23. Qc3 Ncxd4 24. Nxd4 Nxd4 25. Bxg6 hxg6 26. Qxc7 Rf7 27. Qxd7 Rfxd7 28. Be3 Nf5 29. Bb6 Rb8 30. Rc6 Rd3 31. Ra1 Ne7 32. Re6 Nd5 33. Bc5 Nc3 34. Rxa6 Na4 35. Rd6 Nxc5 36. bxc5 Rc3 37. c6 Rc8 38. Rb1 R3xc6 39. Rxc6 Rxc6 40. Rxb5 Rc1+ 41. Kh2 Ra1 42. Ra5 g5 43. Kg3 Ra2 44. Kf3 Kh7 45. Ke3 Kg6 46. Ra7 Kf5 47. g3 Ke5 48. Kf3 Kf5 49. a4 Ra3+ 50. Kg2 Kg6 51. a5 Kh6 52. a6 Kg6 53. Ra8 Kf5 54. Kf1 Ra2 55. a7 Kg6 56. Ke1 Kf7 57. h4 Kg6 58. h5+ Kf7 59. f4 gxf4 60. gxf4 f5 61. Kd1 Ra1+ 62. Ke2 Ra2+ 63. Kf3 Ra3+ 64. Kg2 Ra2+ 65. Kg3 Ra4 66. Kh3 Ra3+ 67. Kh4 Ra4 68. Kg5 Ra5 69. h6 gxh6+ 70. Kxh6 Ra6+ 71. Kg5 Kg7 72. Kxf5 Ra1 73. Ke5 Re1+ 74. Kd4 Rd1+ 75. Ke3 Re1+ 76. Kd2 Ra1 77. f5 Ra2+ 78. Kc3 Ra3+ 79. Kb2 Ra6 80. f6+ 1-0

[Event "44th Chess Olympiad Women 2022"]
[Site "Chennai"]
[Date "2022.08.07"]
[Round "9.2"]
[White "Muzychuk, Mariya"]
[Black "Dzagnidze, Nana"]
[Result "1/2-1/2"]
[WhiteElo "2540"]
[BlackElo "2531"]
[Annotator "TA"]
[PlyCount "38"]
[EventDate "2022.07.29"]
[EventType "team-tourn"]
[EventCountry "IND"]
[SourceTitle "playchess.com"]
[Source "ChessBase"]
[SourceQuality "1"]
[WhiteTeam "Ukraine"]
[BlackTeam "Georgia"]
[WhiteTeamCountry "UKR"]
[BlackTeamCountry "GEO"]

1. e4 c5 2. Nf3 d6 3. Bb5+ Nd7 4. O-O a6 5. Bd3 Ngf6 6. c3 b5 7. a4 Bb7 8. Re1 Rb8 9. axb5 axb5 10. Bxb5 Bxe4 11. Na3 e6 12. d4 Bxf3 13. Qxf3 cxd4 14. Qg3 dxc3 15. bxc3 Nh5 16. Qf3 Nhf6 17. Qg3 Nh5 18. Qf3 Nhf6 19. Qg3 Nh5 1/2-1/2

[Event "44th Chess Olympiad Women 2022"]
[Site "Chennai"]
[Date "2022.08.07"]
[Round "9.2"]
[White "Batsiashvili, Nino"]
[Black "Muzychuk, Anna"]
[Result "1-0"]
[WhiteElo "2466"]
[BlackElo "2529"]
[Annotator "TA"]
[PlyCount "97"]
[EventDate "2022.07.29"]
[EventType "team-tourn"]
[EventCountry "IND"]
[SourceTitle "playchess.com"]
[Source "ChessBase"]
[SourceQuality "1"]
[WhiteTeam "Georgia"]
[BlackTeam "Ukraine"]
[WhiteTeamCountry "GEO"]
[BlackTeamCountry "UKR"]

1. d4 Nf6 2. c4 g6 3. Nc3 d5 4. cxd5 Nxd5 5. Bd2 Bg7 6. e4 Nxc3 7. Bxc3 O-O 8. Qd2 c5 9. d5 e6 10. Bxg7 Kxg7 11. h4 exd5 12. O-O-O Nc6 13. h5 g5 14. h6+ Kg8 15. exd5 Nd4 16. Nf3 Bg4 17. Nxd4 Bxd1 18. Nf5 Bg4 19. Ne3 Bd7 20. Qc3 f6 21. Bd3 b5 22. Qc2 Rf7 23. Bg6 Qf8 24. Bxf7+ Qxf7 25. Rd1 Qg6 26. Qxg6+ hxg6 27. d6 Re8 28. Nd5 Re6 29. f4 g4 30. Nc7 Re2 31. Na6 Bf5 32. Rd5 Rxg2 33. d7 Bxd7 34. Rxd7 g3 35. Rg7+ Kh8 36. Rxg6 Kh7 37. f5 c4 38. Nb4 Rf2 39. Rxg3 a5 40. Nc6 Rf1+ 41. Kc2 Rf2+ 42. Kc3 b4+ 43. Kxc4 Rc2+ 44. Kd5 Rxb2 45. Ke6 a4 46. Kxf6 b3 47. axb3 Rxb3 48. Rg7+ Kxh6 49. Rg4 1-0

[Event "44th Chess Olympiad Women 2022"]
[Site "Chennai"]
[Date "2022.08.07"]
[Round "9.2"]
[White "Arabidze, Meri"]
[Black "Buksa, Nataliya"]
[Result "0-1"]
[WhiteElo "2426"]
[BlackElo "2401"]
[Annotator "TA"]
[PlyCount "74"]
[EventDate "2022.07.29"]
[EventType "team-tourn"]
[EventCountry "IND"]
[SourceTitle "playchess.com"]
[Source "ChessBase"]
[SourceQuality "1"]
[WhiteTeam "Georgia"]
[BlackTeam "Ukraine"]
[WhiteTeamCountry "GEO"]
[BlackTeamCountry "UKR"]

1. d4 d5 2. c4 e6 3. Nc3 Nf6 4. Nf3 Nbd7 5. Bf4 dxc4 6. e3 b5 7. Nxb5 Bb4+ 8. Nc3 Nd5 9. a3 Nxc3 10. Qd2 Bxa3 11. Qxc3 Bd6 12. Bxd6 cxd6 13. Bxc4 O-O 14. d5 e5 15. O-O a5 16. Bb5 Qb6 17. Bc6 Rb8 18. Nd2 Nc5 19. Nc4 Qd8 20. Nxa5 Ba6 21. Rfd1 Qh4 22. f3 f5 23. g3 Qh6 24. Rd2 Nd3 25. f4 Nc5 26. Rg2 Ne4 27. Qc1 exf4 28. gxf4 Nc5 29. Qc3 Bd3 30. b4 Be4 31. Rg3 Nd3 32. b5 Rf6 33. Rd1 Rg6 34. Rxd3 Rxg3+ 35. hxg3 Qh1+ 36. Kf2 Qg2+ 37. Ke1 Bf3 0-1

[Event "44th Chess Olympiad Women 2022"]
[Site "Chennai"]
[Date "2022.08.07"]
[Round "9.2"]
[White "Ushenina, Anna"]
[Black "Javakhishvili, Lela"]
[Result "1/2-1/2"]
[WhiteElo "2423"]
[BlackElo "2476"]
[Annotator "TA"]
[PlyCount "50"]
[EventDate "2022.07.29"]
[EventType "team-tourn"]
[EventCountry "IND"]
[SourceTitle "playchess.com"]
[Source "ChessBase"]
[SourceQuality "1"]
[WhiteTeam "Ukraine"]
[BlackTeam "Georgia"]
[WhiteTeamCountry "UKR"]
[BlackTeamCountry "GEO"]

1. d4 d5 2. c4 e6 3. Nc3 h6 4. Nf3 Nf6 5. g3 Nc6 6. Bg2 Bd6 7. O-O O-O 8. b3 Re8 9. Bb2 dxc4 10. bxc4 e5 11. d5 Na5 12. Nd2 b6 13. Qc2 Ba6 14. Nb5 Bxb5 15. cxb5 a6 16. bxa6 Rxa6 17. Ne4 Nxe4 18. Bxe4 Qe7 19. Bd3 Raa8 20. Bb5 Rf8 21. e4 Rac8 22. Ba6 Ra8 23. Bb5 Rac8 24. Ba6 Ra8 25. Bb5 Rac8 1/2-1/2

[Event "44th Chess Olympiad Women 2022"]
[Site "Chennai"]
[Date "2022.08.07"]
[Round "9.3"]
[White "Assaubayeva, Bibisara"]
[Black "Krasteva, Beloslava"]
[Result "1/2-1/2"]
[WhiteElo "2436"]
[BlackElo "2249"]
[Annotator "TA"]
[PlyCount "68"]
[EventDate "2022.07.29"]
[EventType "team-tourn"]
[EventCountry "IND"]
[SourceTitle "playchess.com"]
[Source "ChessBase"]
[SourceQuality "1"]
[WhiteTeam "Kazakhstan"]
[BlackTeam "Bulgaria"]
[WhiteTeamCountry "KAZ"]
[BlackTeamCountry "BUL"]

1. d4 Nf6 2. c4 e6 3. Nf3 b6 4. g3 Bb7 5. Bg2 Be7 6. O-O O-O 7. Nc3 Ne4 8. Bd2 Bf6 9. Be1 Nxc3 10. Bxc3 Be4 11. Ne1 Bxg2 12. Nxg2 c5 13. Qd2 cxd4 14. Bxd4 Bxd4 15. Qxd4 Qe7 16. Rfd1 Rd8 17. Ne3 Nc6 18. Qc3 Rac8 19. Rac1 h6 20. a3 a5 21. Qc2 Qc5 22. Qa4 Nd4 23. b4 Qe5 24. Rd2 axb4 25. Qxb4 Nc6 26. Qb5 Qc5 27. Rcd1 Qxa3 28. Rxd7 Rxd7 29. Rxd7 Qc5 30. Rb7 Na5 31. Qxc5 Rxc5 32. Rxb6 Nxc4 33. Nxc4 Rxc4 34. h4 h5 1/2-1/2

[Event "44th Chess Olympiad Women 2022"]
[Site "Chennai"]
[Date "2022.08.07"]
[Round "9.3"]
[White "Salimova, Nurgyul"]
[Black "Abdumalik, Zhansaya"]
[Result "0-1"]
[WhiteElo "2416"]
[BlackElo "2495"]
[Annotator "TA"]
[PlyCount "136"]
[EventDate "2022.07.29"]
[EventType "team-tourn"]
[EventCountry "IND"]
[SourceTitle "playchess.com"]
[Source "ChessBase"]
[SourceQuality "1"]
[WhiteTeam "Bulgaria"]
[BlackTeam "Kazakhstan"]
[WhiteTeamCountry "BUL"]
[BlackTeamCountry "KAZ"]

1. d4 Nf6 2. Nf3 d5 3. c4 e6 4. g3 Be7 5. Bg2 O-O 6. O-O c6 7. Bf4 a5 8. Qc2 Nh5 9. Bd2 Nf6 10. Rd1 b5 11. c5 Nbd7 12. Nc3 Ba6 13. Be1 b4 14. Na4 Qc7 15. a3 b3 16. Qxb3 Bxe2 17. Rdb1 Ne4 18. Qc2 Bxf3 19. Bxf3 f5 20. Bg2 Bf6 21. Rd1 e5 22. dxe5 Nxe5 23. b4 Nc4 24. Ra2 axb4 25. axb4 h5 26. Qb3 Rfb8 27. f3 Ng5 28. Bf2 f4 29. gxf4 Qxf4 30. Bg3 Qe3+ 31. Qxe3 Nxe3 32. Bxb8 Nxd1 33. Bf4 Ne6 34. Bc1 Nd4 35. Bh3 Nxf3+ 36. Kf1 Nxh2+ 37. Rxh2 Rxa4 38. Be6+ Kf8 39. Bf4 Ke7 40. Re2 Nc3 41. Bd6+ Kd8 42. Rh2 Ra1+ 43. Kg2 Ra2+ 44. Kf3 Rxh2 45. Bxh2 Ke7 46. Bf5 Nb5 47. Bg6 h4 48. Kg4 Bc3 49. Kxh4 Bxb4 50. Be5 Bc3 51. Bf4 Bd4 52. Bd3 Bxc5 53. Kg5 Bd4 54. Kg6 Nd6 55. Bg5+ Kd7 56. Be2 c5 57. Kh5 c4 58. Kg4 Kc6 59. Kf3 Bf6 60. Bf4 Nf5 61. Bd1 Kc5 62. Kg4 Nd4 63. Bd2 Nb5 64. Kf4 d4 65. Ke4 Nd6+ 66. Kf3 c3 67. Bc1 Kc4 68. Ba3 Nb5 0-1